50 [i.e. Cincuenta] testimonios urgentes /

Na minha lista:
Detalhes bibliográficos
Autor principal: Carreño, José (comp.)
Autor Corporativo: Presidio Político Histórico Cubano
Formato: Livro
Idioma:espanhol
Publicado em: Miami, EUA : Universal, 1987, c1987
Colecção:(Cuba y sus Jueces)
Assuntos:
Tags: Adicionar Tag
Sem tags, seja o primeiro a adicionar uma tag!

MARC

LEADER 00000nam^a2200000^a^4500
001 000154230
005 20250521000000.0
009 20260310100347.586
020 |a 0-89729-459-9 
037 |a Acervo ITESO - Biblioteca 
041 |a ESP 
082 |a 323. 097291064  |b CAR 
100 |a Carreño, José  |e (comp.) 
245 1 0 |a 50 [i.e. Cincuenta] testimonios urgentes /  |c Comp. de J. Carreño. 
246 2 |a Título en la cubierta: Denuncias en Ginebra sobre violaciones de los derechos humanos 
264 4 |a Miami, EUA :  |b Universal,  |c 1987, c1987 
300 |a 171 p. 
336 |a texto  |b txt  |2 rdacontenido 
337 |a sin mediación  |b n  |2 rdamedio 
338 |a volumen  |b nc  |2 rdasoporte 
440 1 |a (Cuba y sus Jueces) 
649 |a XX 
650 |a Presos Políticos Cubanos 
650 |a Violencia Política -  |z Cuba 
650 |a Tolerancia e Intolerancia -  |z Cuba 
650 |a Justicia e Injusticia -  |z Cuba 
650 |a Represión -  |z Cuba 
650 |a Lesiones y Agresión 
650 |a Impunidad (Derecho) 
650 |a Delitos contra la Persona 
650 |a Delitos Políticos -  |z Cuba 
650 |a Derecho Procesal Penal 
650 |a Tribunales Internacionales 
650 |a Organizaciones Internacionales 
650 |a Derechos Humanos -  |z Cuba 
650 |a Derechos Civiles -  |z Cuba 
650 |a Derecho Internacional 
710 |a Presidio Político Histórico Cubano 
910 |a Fondo General 
920 |a Impresos - Libros 
930 |a Colección General 
905 |a 101 
901 |a 0500085818  |b IT1  |c ACC  |u 20250521 
902 |a https://opac.biblio.iteso.mx/vufind/Record/000154230